The American spirit : (Record no. 127116)
[ view plain ]
| 000 -LEADER | |
|---|---|
| campo de control de longitud fija | 01686nam a22002537a 4500 |
| 003 - IDENTIFICADOR DE NÚMERO DE CONTROL | |
| campo de control | BJBSDDR |
| 005 - FECHA Y HORA DE LA ÚLTIMA TRANSACCIÓN | |
| campo de control | 20260515170537.0 |
| 006 - CÓDIGOS DE INFORMACIÓN DE LONGITUD FIJA--CARACTERÍSTICAS DEL MATERIAL ADICIONAL | |
| campo de control de longitud fija | a|||||r|||| 00| 0 |
| 007 - CAMPO FIJO DE DESCRIPCIÓN FÍSICA--INFORMACIÓN GENERAL | |
| campo de control de longitud fija | ta |
| 008 - DATOS DE LONGITUD FIJA--INFORMACIÓN GENERAL | |
| campo de control de longitud fija | 260515s20182017nyu|||||r|||| 00| 0 eng d |
| 020 ## - NÚMERO INTERNACIONAL ESTÁNDAR DEL LIBRO | |
| Número Internacional Estándar del Libro | 9781501174193 |
| 040 ## - FUENTE DE CATALOGACIÓN | |
| Lengua de catalogación | spa |
| Centro/agencia transcriptor | BJBSDDR |
| 041 ## - CÓDIGO DE IDIOMA | |
| Código de lengua del texto/banda sonora o título independiente | eng |
| 050 ## - SIGNATURA TOPOGRÁFICA DE LA BIBLIOTECA DEL CONGRESO | |
| Número de ítem | M478a 2018 |
| 100 1# - ENTRADA PRINCIPAL--NOMBRE DE PERSONA | |
| Nombre de persona | McCullough, David G., |
| Forma completa/desarrollada del nombre | (David Gaub), |
| Fechas asociadas al nombre | 1933- |
| 9 (RLIN) | 3554 |
| 245 14 - MENCIÓN DEL TÍTULO | |
| Título | The American spirit : |
| Resto del título | who we are and what we stand for / |
| Mención de responsabilidad, etc. | David G. McCullough. |
| 250 ## - MENCION DE EDICION | |
| Mención de edición | First Simon & Schuster paperback edition |
| 260 ## - PUBLICACIÓN, DISTRIBUCIÓN, ETC. | |
| Lugar de publicación, distribución, etc. | New York : |
| Nombre del editor, distribuidor, etc. | Simon & Schuster, |
| Fecha de publicación, distribución, etc. | 2018 |
| 300 ## - DESCRIPCIÓN FÍSICA | |
| Extensión | xv, 174 pages : |
| Otras características físicas | illustrations (some color) ; |
| Dimensiones | 21 cm |
| 505 ## - NOTA DE CONTENIDO CON FORMATO | |
| Nota de contenido con formato | Contenidos : <br/>Simon Willard's clock<br/>Civilization and the city<br/>The spirit of Jefferson<br/>Which way forward<br/>The animating spirit<br/>The lessons of history<br/>What's essential is invisible<br/>The first to reside here<br/>History lost and found<br/>The bulwark of freedom<br/>Knowing who we are<br/>The ties that bind<br/>The love of learning<br/>The summons to serve<br/>A building like no other |
| 520 ## - RESUMEN, ETC. | |
| Sumario, etc. | This collection of speeches by historian David McCullough reminds us of fundamental American principles. Over the course of his distinguished career, David McCullough has spoken before Congress, the White House, colleges and universities, historical societies, and other esteemed institutions. Now, as many Americans engage in self-reflection following a bitter election campaign that has left the country divided, McCullough has collected some of his most important speeches in a brief volume that articulates important principles and characteristics that are particularly American. |
| 942 ## - ELEMENTOS DE ENTRADA SECUNDARIOS (KOHA) | |
| Fuente del sistema de clasificación o colocación | Clasificación de Library of Congress |
| Suprimir en OPAC | No |
| Tipo de ítem Koha | Libro |
| 946 ## - PROCESAMIENTO DE INFORMACIÓN LOCAL (OCLC) | |
| Iniciales del agente catalogador | llh |
| Estatus retirado | Estado de pérdida | Fuente del sistema de clasificación o colocación | Estado de daño | No para préstamo | Colección | Biblioteca de origen | Biblioteca actual | Ubicación en estantería | Fecha de adquisición | Signatura topográfica completa | Código de barras | Visto por última vez | Copia número | Tipo de ítem Koha |
|---|---|---|---|---|---|---|---|---|---|---|---|---|---|---|
| Clasificación de Library of Congress | Automatización y Procesos Técnicos | Biblioteca Juan Bosch | Biblioteca Juan Bosch | Automatización y Procesos Técnicos (1er. Piso) | 15/05/2026 | M478a 2018 | 00000200107 | 15/05/2026 | 1 | Libro |
